Amazing love. (Record no. 16779)

000 -LEADER
fixed length control field 00491nam a2200169 a 4500
001 - CONTROL NUMBER
control field :::00020065$&:&@@
003 - CONTROL NUMBER IDENTIFIER
control field OkBaRHE
005 - DATE AND TIME OF LATEST TRANSACTION
control field 20100331133207.0
008 - FIXED-LENGTH DATA ELEMENTS--GENERAL INFORMATION
fixed length control field s1953 j 000 0 eng u
040 ## - CATALOGING SOURCE
Transcribing agency
100 1# - MAIN ENTRY--PERSONAL NAME
Personal name ten Boom, Corrie
245 10 - TITLE STATEMENT
Title Amazing love.
260 ## - PUBLICATION, DISTRIBUTION, ETC. (IMPRINT)
Place of publication, distribution, etc London, England
Name of publisher, distributor, etc Christian Literature Crusade
Date of publication, distribution, etc 1953
300 ## - PHYSICAL DESCRIPTION
Extent 111 p.
942 ## - ADDED ENTRY ELEMENTS (KOHA)
Source of classification or shelving scheme
Koha item type Books
Copies
Total Checkouts Date last seen Koha item type Price effective from Barcode Withdrawn status Lost status Permanent Location Current Location Shelving location Not for loan Damaged status Full call number Copy number Source of classification or shelving scheme Date acquired Date checked out
12016-05-10Books2010-04-1420065  RHEMA Bible Training CollegeRHEMA Bible Training CollegeGeneral Stacks  BX 8787 .B6 A51 2010-04-142016-04-28